Scottish Football Clubs: Where are they from? - Statistics

General Stats
  • This quiz has been taken 82 times
  • The average score is 9 of 14
Answer Stats
Club Location % Correct
Hibernian Edinburgh
100%
Queen's Park Glasgow
96%
St Johnstone Perth
86%
Cove Rangers Aberdeen
84%
St Mirren Paisley
79%
Ross County Dingwall
66%
Queen of the South Dumfries
66%
Clachnacuddin Inverness
64%
Raith Rovers Kirkcaldy
59%
Albion Rovers Coatbridge
47%
East Stirlingshire Falkirk
47%
Clyde Hamilton
43%
Gala Fairydean Rovers Galashiels
40%
East Fife Methil
39%
No matching quizzes found
Score Distribution
Percent of People with Each Score
Percentile by Number Answered
Your Score History
You have not taken this quiz